000 00592nam a2200181 i 4500
001 95072
003 ES-MaACL
005 20231207063020.0
007 t|
008 050520s1936 sp ||||1| spa d
100 1 _aLuna García, Antonio,
_d1901-1967
_974767
245 1 3 _aEl registro Civil de España y los extranjeros
_b: doctrina y legislación comparada /
_cpor Antonio Luna García y Werner Galoschmidt.
260 _aMadrid :
_bLex,
_c1936.
300 _a310 p. ;
_c22 cm.
700 1 _aGaloschmidt, Werner.
_953668
852 _aES-MaACL
_jA-4452
999 _c95072
_d95072